Statistics for Albania, Prime Ministers of

Click here to take the quiz!

General Stats

  • This quiz has been taken 21 times
  • The average score is 10 of 12

Answer Stats

TermPartyLeader% Correct
2013-IncumbentSocialist Party of AlbaniaEdi Rama
100%
2005-2013Democratic Party of AlbaniaSali Berisha
100%
1991Party of Labour of AlbaniaFatos Nano
93%
1997-1998Socialist Party of AlbaniaFatos Nano
93%
2002-2005Socialist Party of AlbaniaFatos Nano
93%
1999-2002Socialist Party of AlbaniaIllir Meta
86%
1998-1999Socialist Party of AlbaniaPandeli Majko
86%
2002Socialist Party of AlbaniaPandeli Majko
86%
1997Socialist Party of AlbaniaBashkim Fino
71%
1992-1997Democratic Party of AlbaniaAleksandër Meksi
64%
1991Socialist Party of AlbaniaYlli Bufi
64%
1991-1992IndependentVilson Ahmeti
43%

Score Distribution

Percentile by Number Answered

Percent of People with Each Score

Your Score History

You have not taken this quiz